The Wardrops / A Legacy of Britain in Georgia (Record no. 1911)

000 -LEADER
fixed length control field 00592nam a22001817a 4500
005 - DATE AND TIME OF LATEST TRANSACTION
control field 20210419075159.0
008 - FIXED-LENGTH DATA ELEMENTS--GENERAL INFORMATION
fixed length control field 210304s1998 ||||| |||| 00| 0 enggeo d
040 ## - CATALOGING SOURCE
Original cataloging agency eng
Transcribing agency DLC
041 ## - LANGUAGE CODE
Language code of text/sound track or separate title eng
-- geo
080 ## - UNIVERSAL DECIMAL CLASSIFICATION NUMBER
Universal Decimal Classification number 94 (479.22)
Item number N-24
100 ## - MAIN ENTRY--PERSONAL NAME
9 (RLIN) 1249
Personal name Nasmyth, Peter
245 ## - TITLE STATEMENT
Title The Wardrops / A Legacy of Britain in Georgia
Remainder of title : უორდროპები
Statement of responsibility, etc. / by: British Council
260 ## - PUBLICATION, DISTRIBUTION, ETC.
Place of publication, distribution, etc. Oxford, UK
Name of publisher, distributor, etc. British Council
Date of publication, distribution, etc. 1998
300 ## - PHYSICAL DESCRIPTION
Extent 21 p.
Other physical details ill.
650 #0 - SUBJECT ADDED ENTRY--TOPICAL TERM
9 (RLIN) 120
Topical term or geographic name entry element History of Georgia
653 ## - INDEX TERM--UNCONTROLLED
Uncontrolled term საქართველოს ისტორია
942 ## - ADDED ENTRY ELEMENTS (KOHA)
Source of classification or shelving scheme
Koha item type Books
Holdings
Withdrawn status Lost status Source of classification or shelving scheme Damaged status Not for loan Permanent location Current location Date acquired Inventory number Total Checkouts Full call number Barcode Date last seen Price effective from Koha item type
          Ken Walker International University Ken Walker International University 03/04/2021 1619   94 (479.22) N-24 1619 03/04/2021 03/04/2021 Books

Powered by Koha